[Event "Dortmund Sparkassen op-B 47th"]
[White "Dicks, Friedrich"]
[Black "Krug, Michael"]
[Site "Dortmund"]
[Round "5"]
[Result "0-1"]
[Date "2019.07.17"]
[WhiteElo "1418"]
[BlackElo "1657"]
[PlyCount "66"]
[EventDate "2019.07.13"]
[EventType "swiss"]
[EventRounds "9"]
[EventCountry "GER"]
[SourceTitle "CBM 192 Extra"]
[Source "Chessbase"]
[SourceDate "2019.11.06"]
[SourceVersion "1"]
[SourceVersionDate "2019.11.06"]
[SourceQuality "1"]

1. d4 Nf6 2. Nc3 d5 3. Bg5 Nbd7 4. Nf3 c6 5. e3 g6 6. Bd3 Bg7 7. 0-0 0-0 8. b4 h6 9. Bf4 Nh5 10. Ne2 Nxf4 11. Nxf4 e5 12. dxe5 Nxe5 13. Nxe5 Bxe5 14. Rb1 Qf6 15. Ne2 Re8 16. Qd2 Bc7 17. Nd4 Bb6 18. c3 Bd7 19. f4 Re7 20. f5 g5 21. Kh1 Rae8 22. Rbe1 g4 23. a3 Qg5 24. f6 Rxe3 25. Rxe3 Qxe3 26. Qc2 Bxd4 27. cxd4 Qxd4 28. Bf5 Bxf5 29. Qxf5 Qe4 30. Qf2 d4 31. Qh4 Qg6 32. Qf2 d3 33. Qd2 Qe4 0-1

[Event "Dortmund Sparkassen op-B 47th"]
[White "Krug, Michael"]
[Black "Maniocha, Marek"]
[Site "Dortmund"]
[Round "4"]
[Result "0-1"]
[Date "2019.07.16"]
[WhiteElo "1657"]
[BlackElo "1834"]
[PlyCount "88"]
[EventDate "2019.07.13"]
[EventType "swiss"]
[EventRounds "9"]
[EventCountry "GER"]
[SourceTitle "CBM 192 Extra"]
[Source "Chessbase"]
[SourceDate "2019.11.06"]
[SourceVersion "1"]
[SourceVersionDate "2019.11.06"]
[SourceQuality "1"]

1. d4 d5 2. c4 e6 3. Nc3 Nf6 4. Nf3 Be7 5. g3 c6 6. Bg2 Nbd7 7. 0-0 0-0 8. b3 Re8 9. Qc2 dxc4 10. bxc4 Nb6 11. Qb3 c5 12. Rd1 Bd7 13. Bf4 Qc8 14. Nb5 Rd8 15. Rac1 Bc6 16. dxc5 Bxc5 17. Rxd8+ Qxd8 18. Rd1 Qe7 19. Ne5 Bxg2 20. Kxg2 a6 21. Nc3 Rd8 22. Rxd8+ Qxd8 23. Nd3 Qc8 24. Ne5 h6 25. h4 Nbd7 26. Na4 Nxe5 27. Bxe5 Ng4 28. Bb2 Bxf2 29. Kf3 h5 30. e4 Qc7 31. Kg2 Qc6 32. Nc3 Bd4 33. Qa4 Ne3+ 34. Kf3 Nxc4 35. Qxc6 bxc6 36. Ba1 a5 37. Ke2 e5 38. Kd3 Nd6 39. Bb2 f6 40. Ba3 Nb5 41. Bb2 Bf2 42. Ne2 Kf7 43. a4 Nd6 44. Bc3 Nb7 0-1

[Event "Dortmund Sparkassen op-B"]
[White "Meinschien, Finn"]
[Black "Krug, Michael"]
[Site "Dortmund"]
[Round "1"]
[Result "1/2-1/2"]
[Date "2014.07.12"]
[WhiteElo "1332"]
[BlackElo "1891"]
[PlyCount "65"]
[EventDate "2014.07.12"]
[EventType "swiss"]
[EventRounds "9"]
[EventCountry "GER"]
[SourceTitle "EXT 2022"]
[Source "ChessBase"]
[SourceDate "2021.10.06"]
[SourceVersion "1"]
[SourceVersionDate "2021.10.06"]
[SourceQuality "1"]

1. e4 b6 2. d4 Bb7 3. Nc3 e6 4. Nf3 Bb4 5. Bd3 Nf6 6. e5 Ne4 7. Bxe4 Bxe4 8. 0-0 Bb7 9. a3 Be7 10. Be3 0-0 11. Rc1 a5 12. a4 Na6 13. Na2 f6 14. exf6 Bxf6 15. c3 Qe8 16. b3 Qg6 17. Ne1 Be7 18. f3 Bd6 19. Qc2 Qh5 20. h3 Rf6 21. f4 Raf8 22. Qd2 Rg6 23. Kh2 Qh4 24. Qf2 Qxf2 25. Rxf2 Rgf6 26. g3 g5 27. Ng2 c5 28. Rcf1 Bxg2 29. Kxg2 gxf4 30. Bxf4 Bxf4 31. Rxf4 Rxf4 32. Rxf4 Rxf4 33. gxf4 1/2-1/2

[Event "Bad Godesberg op 15th"]
[White "Schlueter, Hilmar"]
[Black "Krug, Michael"]
[Site "Bad Godesberg"]
[Round "3"]
[Result "0-1"]
[Date "2011.07.25"]
[WhiteElo "1354"]
[BlackElo "1706"]
[PlyCount "74"]
[EventDate "2011.07.23"]
[EventType "swiss"]
[EventRounds "9"]
[EventCountry "GER"]
[SourceTitle "EXT 2017"]
[Source "ChessBase"]
[SourceDate "2016.10.25"]
[SourceVersion "1"]
[SourceVersionDate "2016.10.25"]
[SourceQuality "1"]

1. d4 c5 2. e3 Nf6 3. c4 e6 4. Nc3 cxd4 5. exd4 Bb4 6. Qc2 Nc6 7. Nf3 0-0 8. Bd3 b6 9. a3 Be7 10. 0-0 Bb7 11. Ne5 d6 12. Nxc6 Bxc6 13. f3 Rc8 14. Bf4 d5 15. Qe2 dxc4 16. Bxc4 Qxd4+ 17. Be3 Qe5 18. Bb3 Bc5 19. Rfe1 Bxe3+ 20. Qxe3 Qxe3+ 21. Rxe3 Rfd8 22. Rd1 Rxd1+ 23. Bxd1 Nd5 24. Nxd5 Bxd5 25. Rd3 Kf8 26. Kf2 Ke7 27. Ke3 b5 28. g3 a5 29. f4 a4 30. Rd2 h6 31. Be2 Rb8 32. Bd1 g5 33. fxg5 hxg5 34. Be2 b4 35. axb4 Rxb4 36. Bd3 g4 37. Bb1 a3 0-1